| 000 | 00637nam a22001457a 4500 | ||
|---|---|---|---|
| 005 | 20241125112613.0 | ||
| 008 | 241125b |||||||| |||| 00| 0 eng d | ||
| 020 | _a9780406002778 | ||
| 245 | _aThe All England Law Reports 1991 Vol. 4 | ||
| 260 |
_aLondon, UK _bButterworths & Co. (Publishing) Ltd. _c1991 |
||
| 300 |
_axvi, 992 pages _c23.5 cm |
||
| 500 | _aEditor ; Hutchesson Peter LLM. Barrister, New Zealand. Assistant Editor ; Watson Brook of Lincoln Inn, Barrister and of the New South Wales Bar. Consulting Editor : Shockett Wendy of Gray's Inn, Barrister. | ||
| 650 |
_2Law Reports _xUnited Kingdom |
||
| 942 |
_2lcc _cBK _n0 |
||
| 999 |
_c1508 _d1508 |
||